La Xarxa d'Arxius Municipals : una estratègia de suport al patrimoni documental una estratègia de suport al patrimoni documental
ISBN:
978-84-9803-218-5
Publicado:
Barcelona :
Diputació de Barcelona. Àrea de Cultura. Oficina de Patrimoni Cultural ,
2007
Descripción Física:
182 p. ; 30 cm
Colección:
Documents de treball. Recursos culturals ; 5
MARC
| LEADER | 00000nam a2200000Ia 4500 | ||
|---|---|---|---|
| 001 | 19187 | ||
| 008 | 160829s2007 xx 000 0 cat d | ||
| 020 | |a 978-84-9803-218-5 | ||
| 080 | |a A-2-290 | ||
| 245 | |a La Xarxa d'Arxius Municipals : |b una estratègia de suport al patrimoni documental | ||
| 260 | |a Barcelona : |b Diputació de Barcelona. Àrea de Cultura. Oficina de Patrimoni Cultural, |c 2007 | ||
| 300 | |a 182 p. ; |c 30 cm | ||
| 490 | |a Documents de treball. Recursos culturals ; 5 | ||
| 590 | |a Inclou el quadre de classificació amb les tipologies documentals | ||
| 650 | 0 | |a Arxius municipals |x Barcelona (Província) |9 50534 | |
| 710 | 1 | |a Barcelona (Catalunya : Província). |b Oficina de Patrimoni Cultural |9 52675 | |
| 710 | 1 | |a Barcelona (Catalunya : Província). |b Àrea de Cultura |9 53536 | |
| 901 | |a Arxiu | ||
| 942 | |n 1 | ||
| 952 | |0 0 |1 0 |4 0 |6 A2290 |7 1 |9 52496 |a Arxiu |b Arxiu |d 2016-12-01 |l 0 |o A-2-290 |p 19187 |r 2016-12-01 00:00:00 |w 2016-12-01 |y ARXIU | ||
| 952 | |0 0 |1 0 |4 0 |6 PDL |7 1 |9 63479 |a Arxiu |b Arxiu |d 2022-08-17 |l 0 |o PDL |p 26487 |r 2022-08-17 00:00:00 |w 2022-08-17 |y ARXIU | ||
| 999 | |c 56344 |d 56344 | ||